Monitorovací softvér - Power Monitoring Expert

Salvato in:
Dettagli Bibliografici
Autore principale: Lomen, Miroslav (Autore)
Altri autori: Körösi, Ladislav (Relatore della tesi)
Natura: Manoscritto Libro
Lingua:slovacco
Pubblicazione: 2019
Soggetti:
Accesso online:http://is.stuba.sk/zp/portal_zp.pl?podrobnosti=124451
Tags: Aggiungi Tag
Nessun Tag, puoi essere il primo ad aggiungerne!!

MARC

LEADER 00000ntm a22000003a 4500
001 stuzp71538
003 SK-STU
005 20190718144653.3
007 ta
008 150427s2015----xo-----f-mn---000-0-slo-d
040 |a STU  |b slo 
041 0 |a slo 
044 |a xo 
100 1 |a Lomen, Miroslav  |u 031000  |4 aut  |U FEI Fakulta elektrotechniky a informatiky  |T FEI Ústav robotiky a kybernetiky  |X 80864  |U E011  |Y 356  |7 80864 
242 0 1 |a Monitoring software - Power Monitoring Expert  |y eng 
245 1 0 |a Monitorovací softvér - Power Monitoring Expert 
260 |c 2019 
300 |a 45 s.,  |b CD-ROM 
650 4 |a SCADA  |2 slo 
650 4 |a PME  |2 slo 
650 4 |a PM5561  |2 slo 
650 4 |a iEM3155  |2 slo 
650 4 |a SCADA  |2 eng 
650 4 |a PME  |2 eng 
650 4 |a PM5561  |2 eng 
650 4 |a iEM3155  |2 eng 
700 1 |a Körösi, Ladislav  |u 031000  |k Z1  |4 ths  |U FEI Fakulta elektrotechniky a informatiky  |T FEI Ústav robotiky a kybernetiky  |X 4960  |U E011  |Y 356  |7 A000004960 
856 4 |u http://is.stuba.sk/zp/portal_zp.pl?podrobnosti=124451 
996 |b 284ER02881  |c E*Bc- 2881  |l EE31  |s P  |a 0  |w stuzp71538_0001